000 00472nam a2200169Ia 4500
005 20250508150944.0
008 008 250505s9999 xx 000 0 eng d
037 _aBooks to be hide in OPAC
040 _aFEDL
_beng
_cFEDL
041 _aeng
_2eng
084 _a428, LYM/O
_qFEDL
100 _aLyman and others
_9758036
245 0 _aTreasury of life and literature. Vol 1
300 _axviii,496p.
942 _cHB
_h428, LYM/O
999 _c1326712
_d1326712